A kormányzó látogatása Szegeden
Elmentve itt :
| Dokumentumtípus: | Cikk |
|---|---|
| Megjelent: |
1920-03-19
|
| Sorozat: | Délmagyarország
9 No. 65 |
| Kulcsszavak: | Horthy Miklós, Kormányzó látogatása Szeged 1920 |
| Online Access: | http://dmarchiv.bibl.u-szeged.hu/44716 |
| LEADER | 00443nab a2200145 i 4500 | ||
|---|---|---|---|
| 001 | delm44716 | ||
| 005 | 20180927131932.0 | ||
| 008 | 180927s1920 hu o 0|| hun d | ||
| 040 | |a SZTE Délmagyarország Archívum |b hun | ||
| 041 | |a hun | ||
| 245 | 0 | 2 | |a A kormányzó látogatása Szegeden |h [elektronikus dokumentum] |
| 260 | |c 1920-03-19 | ||
| 300 | |a 1-5 | ||
| 490 | 0 | |a Délmagyarország |v 9 No. 65 | |
| 695 | |a Horthy Miklós, Kormányzó látogatása Szeged 1920 | ||